00459 a2200109 4500001001000000005001700010008004100027245007400068100003500142700002400177773014800201ART_4269820260410161736.0260409a 10aLas prestaciones dinerarias en la Ley Nº 24557 de Riesgos de Trabajo1 aGonzález Galé, Héctor L.1 aAlonso, Juan Carlos0 tEjecutivos de finanzasgConcursos y quiebras: ¿una ley automática?. Lo que hay que saber sobre ARTs - Año 11, Nº 122 (dic. 1995)wREV2863